| 000 | 01118nam a2200301 a 4500 | ||
|---|---|---|---|
| 001 | 000039135 | ||
| 003 | DO-SdBNP | ||
| 005 | 20210607135630.0 | ||
| 007 | 000039135 | ||
| 008 | 130527s2013 dr 000 0 spa d | ||
| 020 | _a9789945074819 | ||
| 040 |
_aBPMSU _bspa _cBPMSU |
||
| 082 |
_a339.53097293 _bS232f 2013 _222 |
||
| 100 | 1 | _aSantana, Ruddy | |
| 240 | _a Política monetaria, mecanismo de transmisión y reforma financiera en una pequeña economía abierta | ||
| 245 | 1 | 0 |
_aFinancial reform, monetary policy and banking crisis in Dominican Republic / _cRuddy Santana. |
| 260 |
_aSanto Domingo : _bArchivo General de la Nación, _c2013. |
||
| 300 |
_a277 p. ; _c24 cm. |
||
| 490 | 0 |
_aArchivo General de la Nación _v189 |
|
| 500 | _aPresentado originalmente como tesis del autor (doctorado) - New School University, 2005. | ||
| 504 | _aBibliografía : p. 249 - 267 | ||
| 534 | _a | ||
| 546 | _aTexto en inglés con prólogo y prefacio en inglés y español. | ||
| 650 | 4 |
_aPolítica monetaria _zRepública Dominicana. |
|
| 650 | 4 | _aPolítica monetaria | |
| 910 | _aVMateo | ||
| 942 |
_2ddc _cBK |
||
| 999 |
_c8135 _d8135 |
||